The twefth edition of Skyring's builders' prices (Record no. 114504)

MARC details
000 -LEADER
fixed length control field 00730cam a22001935a 4500
001 - CONTROL NUMBER
control field L156942
008 - FIXED-LENGTH DATA ELEMENTS--GENERAL INFORMATION
fixed length control field 120515s1822 xxk f 000 0 eng d
035 ## - SYSTEM CONTROL NUMBER
System control number (Sirsi) u156942
041 0# - LANGUAGE CODE
Language code of text/sound track or separate title eng
245 04 - TITLE STATEMENT
Title The twefth edition of Skyring's builders' prices
Remainder of title corrected from the prime cost of materials and labor to the present time; and calculated to do justice to the employer, master builder, & their workmen
250 ## - EDITION STATEMENT
Edition statement 12th ed.
260 ## - PUBLICATION, DISTRIBUTION, ETC.
Place of publication, distribution, etc. London
Name of publisher, distributor, etc. Sold by the author
Date of publication, distribution, etc. 1822
300 ## - PHYSICAL DESCRIPTION
Extent 117 p.
Dimensions 20 cm.
520 ## - SUMMARY, ETC.
Summary, etc. Contains annotations and handwritten notes.
583 ## - ACTION NOTE
Action Condition reviewed
Time/date of action 20120620
Status condition level 4
651 #4 - SUBJECT ADDED ENTRY--GEOGRAPHIC NAME
Geographic name Great Britain
Chronological subdivision 1707-
690 ## - LOCAL SUBJECT ADDED ENTRY--TOPICAL TERM (OCLC, RLIN)
Topical term or geographic name as entry element Construction management
9 (RLIN) 6230
942 ## - ADDED ENTRY ELEMENTS (KOHA)
Suppress in OPAC 0
Holdings
Withdrawn status Lost status Damaged status Not for loan Home library Current library Shelving location Date acquired Total Checkouts Full call number Barcode Date last seen Copy number Price effective from Koha item type
        Historic collection Historic collection Historic collection 31/07/2012   PRICES OCTAVO 1822 SKYRING 30077102 20/08/2025 1 06/08/2019 Book